| 000 | 00556nam a2200145Ia 4500 | ||
|---|---|---|---|
| 008 | 170221s9999 xx 000 0 und d | ||
| 100 | _aMurad Ali | ||
| 245 | 4 | _aThe Influence of Individual Characteristics towards the Use of Social Media as a Learning Tool: An Empirical Analysis | |
| 245 | _cMurad Ali, Raja Ahmad Iskandar Bin Raja Yaacob, Mohd Nuri-Al-Amin B. Endut | ||
| 260 | _bInternational Review of Management and Marketing | ||
| 260 | _c2017 | ||
| 300 | _a7 : 1 | ||
| 650 | _xMarketing. | ||
| 856 | _uhttp://www.econjournals.com/index.php/irmm | ||
| 999 |
_c308055 _d308055 |
||